All Countries that have ever hosted a Grand Prix since 1950 - Statistics

General Stats
  • This quiz has been taken 39 times
  • The average score is 47 of 51
Answer Stats
Hint Answer % Correct
2020 70th Anniversary British Grand Prix (U.K)
100%
1973-2019,2021- Brasilian Grand Prix
100%
1950- British Grand Prix
100%
2004-2019,2024- Chinese Grand Prix
100%
2020-2022,2024- Emilia-Romagna Grand Prix (Italy)
100%
1950-1954,1956-2008,2018-2019,2021-2022 French Grand Prix
100%
1950- Italian Grand Prix
100%
1976-1977,1987-2019,2022- Japanese Grand Prix
100%
1994-1995 Pacific Grand Prix (Japan)
100%
1957 Pescara Grand Prix (Italy)
100%
1981-2006 San Marino Grand Prix (Italy)
100%
2020 Tuscan Grand Prix (Italy)
100%
2009- Abu Dhabi Grand Prix (U.A.E)
97%
1953-1958,1960,1972-1975,1977-1981,1995-1998 Argentine Grand Prix
97%
1985-2019,2022- Australian Grand Prix
97%
1964,1970-1987,1997-2003,2014- Austrian Grand Prix
97%
2023- Las Vegas Grand Prix (U.S.A)
97%
1997-1998 Luxembourg Grand Prix (Germany)
97%
1963-1970,1986-1992,2015-2019,2021- Mexican Grand Prix
97%
2022- Miami Grand Prix (U.S.A)
97%
1950,1955-2019,2021- Monaco Grand Prix
97%
1958-1960,1984-1996,2020-2021 Portuguese Grand Prix
97%
2021- Saudi Arabian Grand Prix
97%
1951,1954,1968-1979,1981,1986- Spanish Grand Prix
97%
2020-2021 Styrian Grand Prix (Austria)
97%
2004-2010,2012- Bahrain Grand Prix
94%
1950-1956,1958,1960-1968,1970,1972-2002,2004-2005,2007- Belgian Grand Prix
94%
1981-1982 Caesar's Palace Grand Prix (U.S.A)
94%
1967-1974,1976-1986,1988-2008,2010-2019,2022- Canadian Grand Prix
94%
1984 Dallas Grand Prix (U.S.A)
94%
1982-1988 Detroit Grand Prix (U.S.A)
94%
2020 Eifel Grand Prix (Germany)
94%
1951-1954,1956-1959,1961-2006,2008-2014,2016,2018-2019 German Grand Prix
94%
2010-2013 Korean Grand Pix
94%
2021,2023- Qatar Grand Prix
94%
2020 Sakhir Grand Prix (Bahrain)
94%
1973-1978 Swedish Grand Prix
94%
1959-1980,1989-1991,2000-2007,2012-2019,2021- U.S Grand Prix
94%
1976-1983 U.S Grand Prix West (U.S.A)
94%
1986- Hungarian Grand Prix
91%
2014-2021 Russian Grand Prix
91%
1962-1963,1965,1967-1980,1982-1985,1992-1993 South African Grand Prix
91%
1952-1953,1955,1958-1971,1973-1985,2021- Dutch Grand Prix
88%
1950-1954,1982 Swiss Grand Prix
88%
2011-2013 Indian Grand Prix
85%
1999-2017 Malaysian Grand Prix
85%
2005-2011,2020-2021 Turkish Grand Prix
85%
2008-2019,2022- Singapore Grand Prix
82%
2017-2019,2021- Azerbaijan Grand Prix
71%
1958 Moroccan Grand Prix
71%
1983-1985,1993-1997,1999-2012,2016 European Grand Prix
9%
No matching quizzes found
Score Distribution
Percent of People with Each Score
Percentile by Number Answered
Your Score History
You have not taken this quiz